000 00636nam a22002177a 4500
003 UA-OsUOA
001 112398
007 ta
008 20150706b un ||||| |||| 00| 0 ukr d
100 _aСемена М.
090 _a94(477)
_bС30
942 _cSA
040 _aUA-OsUOA
_bukr
_cUA-OsUOA
_dUA-OsUOA
245 _aПерший український адмірал/Про петра Сагайдачного. Продовження. Поаток №11-112
300 _aС.8
955 _a0
041 _aukr
080 _a94(477)
773 0 _w112397
650 7 _a9 Географія. Біографії. Історія
_2UDC
999 _c398797
_d398797